000 00338 a2200157 4500
001 193115
020 _a978-85-7530-992-6
040 _cMagnum
100 _aDreamland Publications
240 1 0 _aO cavalo mágico
_lpor
245 1 0 _aO cavalo mágico
300 _a16
362 0 _a2013
697 _aLITERATURA INFANTIL
942 _cBK
999 _c193115
_d193115